Statistics for Animals #3

Click here to take the quiz!

General Stats

  • This quiz has been taken 22 times
  • The average score is 7 of 9

Answer Stats

Answer% Correct
Crocodile
95%
Goat
95%
Polar Bear
95%
Orca | Killer Whale
90%
Peacock
90%
Seal
71%
Impala
48%
Blobfish
43%
Mandrill
33%

Score Distribution

Percentile by Number Answered

Percent of People with Each Score

Your Score History

You have not taken this quiz